00330nam a2200121Ia 4500008004100000082001500041100001600056245005700072250000800129260004300137300001200180650001600192191201s2010 xx 000 0 und d a621.3bSAF aSAHDEV, S K 0aFundamentals of Electrical Engineering & Electronics aRep aN.DelhibDhanpat Rai Pub (P) Ltdc2010 a453+200 aB.Tech(ECE)